La rana mundana

Saved in:
Bibliographic Details
Main Author: Murciano, Carlos
Format: Unknown
Language:Spanish
Published: Madrid Bruño 1991
Textbook Catalogue:MANES:  Library Catalog Search Result
Textbook Classification:
Series:Altamar; 7
Tags: Add Tag
No Tags, Be the first to tag this record!
Added to:2016-04-26

MARC

LEADER 000000000a22000000004500
001 04682
003 OSt
008 160427s sp ||||| |||| 00| 0 spa d
040 |c centro_manes 
041 1 |a spa 
691 7 |a PRI 
100 1 |a Murciano, Carlos  |9 1031 
245 0 0 |a La rana mundana 
260 3 |a Madrid  |b Bruño  |c 1991 
300 |a 133 p.  |c 19x12 cm 
440 |a Altamar; 7  |9 1032 
500 |a Fecha de publicación tomada del Depósito Legal 
690 0 |a EyL 
942 |2 ddc  |c BK 
546 |a España 
999 |c 10656  |d 10656 
999 |c manes:10656  |d 10656